Statistiche per Campioni d'europa 2021

Clicka qui per fare il quiz!

Statistiche generali

  • Questo quiz è stato fatto 79 volte
  • Il punteggio medio è 21 su 27

Statistiche sulle risposte

HintRisposta% Corretto
#21Gianluigi Donnarumma
99%
#3Giorgio Chiellini
97%
#19Leonardo Bonucci
96%
#17Ciro Immobile
94%
CTRoberto Mancini
91%
#1Salvatore Sirigu
91%
#14Federico Chiesa
88%
#8Jorginho
88%
#4Leonardo Spinazzola
88%
#9Andrea Belotti
87%
#10Lorenzo Insigne
87%
#18Nicolò Barella
87%
#12Matteo Pessina
84%
#6Marco Verratti
81%
#13Emerson Palmieri
79%
#2Giovanni Di Lorenzo
79%
#26Alex Meret
78%
#20Federico Bernardeschi
74%
#5Manuel Locatelli
74%
#11Domenico Berardi
72%
#22Giacomo Raspadori
71%
#24Alessandro Florenzi
68%
#25Rafael Tolói
65%
#15Francesco Acerbi
62%
#23Alessandro Bastoni
59%
#16Bryan Cristante
57%
#7Gaetano Castrovilli
38%

Distribuzione punteggi

Percentile per numero di risposta

Percentuale di utenti per punteggio

I tuoi punteggi nel tempo

Non hai fatto questo quiz